| 000 | 00790naa a2200229 i 4500 | ||
|---|---|---|---|
| 001 | 59353 | ||
| 003 | ES-MaBCM | ||
| 005 | 20241016112109.0 | ||
| 008 | 990414s1998 esp 000 0 spa d | ||
| 021 | _axx | ||
| 035 | _a(OCoLC)1365146084 | ||
| 040 | _cES-MaBCM | ||
| 041 | 0 | _aspa | |
| 043 | _aesp | ||
| 100 | 1 |
_aKellerson, Hilary _924377 |
|
| 245 | 1 | 0 |
_aLa declaración de la OIT de 1998 sobre los principios y derechos fundamentales _b: un reto para el futuro _cHilary Kellerson |
| 520 | _aEl texto de la declaración en las pág. 273-277 | ||
| 650 | 2 | 7 |
_aDerecho del individuo _958361 |
| 650 | 4 |
_aOrganización Internacional del Trabajo _952679 |
|
| 773 | 0 |
_aEn: _tRevista internacional del trabajo _dGinebra : 1998 _w104633 _gv. 117, n. 2, p. 243-248. - Loc. S.375 |
|
| 942 | _cAREV | ||
| 999 |
_c59353 _d59353 |
||